| 000 | 00751nam a2200193 a 4500 | ||
|---|---|---|---|
| 001 | 000035340 | ||
| 005 | 20200930074254.0 | ||
| 008 | 111027s1958 fr a 000 0 fre d | ||
| 040 |
_aDO-SdBNP _bspa _cBNPHU |
||
| 041 | 1 | 7 |
_afre _heng |
| 100 | 1 |
_aMadariaga, Salvador de, _d1886-1978 _932386 |
|
| 245 | 1 | 3 |
_aLe déclin de l´empire espagnol d´amérique / _cSalvador de Madariaga ; traduit le texte anglais par Francois Fosca. |
| 260 |
_aParis : _bÉditions Albin Michel, _c1958. |
||
| 300 |
_a510 p. : _bil. ; _c20 cm. |
||
| 590 | _aPertteneció a la biblioteca de Juan Isidro Jimenes Grullón | ||
| 651 | 0 |
_aAmérica Latina _xHistoria _yHASTA 1830 _960992 |
|
| 651 | 0 |
_aEspaña _xColonias _zAmerica Latina _961125 |
|
| 700 | 1 |
_aFosca, Francois, _etrad. _961126 |
|
| 999 |
_c34831 _d34831 |
||